Primož Peterka - quiz wielokrotnego wyboru - Statystyki

Ogólne statystyki
  • Ten quiz został rozwiązany 10 razy
  • Średni wynik to 7 z 10
Statystyki odpowiedzi
Zagadnienie Odpowiedź % Poprawnych
Ile metrów wynosi rekord życiowy Primoža Peterki? 212,0
86%
Ile razy wygrał Kryształową Kulę? Dwa razy
86%
W jakim klubie skakał Primož Peterka? SK Triglav Kranj
86%
Trenerem jakiej reprezentacji krajowej był Primož Peterka od 2019 do 2025? Turcji
86%
W którym sezonie wygrał Turniej Czterech Skoczni? 1996/1997
71%
Narty jakiej marki używał Peterka (kiedy kończył karierę)? Elan
71%
W którym roku Peterka zdobył tytuł mistrza świata w lotach? 1997
57%
Prawda/Fałsz. Primož Peterka nigdy nie zdobył żadnego medalu olimpijskiego. Fałsz
57%
W którym roku Peterka zakończył karierę skoków narciarskich? 2011
29%
Gdzie urodził się Primož Peterka? W Lublanie
29%
Nie znaleziono quizów pasujących do podanych kryteriów
Rozkład punktacji
Procent ludzi z każdym wynikiem
Percentyl według liczby udzielonych odpowiedzi
Twoja historia wyników
Nie rozwiązałeś tego quizu